International Marketing. (Record no. 7525)
[ view plain ]
| 000 -LEADER | |
|---|---|
| fixed length control field | 00648nam a22002177a 4500 |
| 003 - CONTROL NUMBER IDENTIFIER | |
| control field | OSt |
| 005 - DATE AND TIME OF LATEST TRANSACTION | |
| control field | 20211124121009.0 |
| 008 - FIXED-LENGTH DATA ELEMENTS--GENERAL INFORMATION | |
| fixed length control field | 211124b ||||| |||| 00| 0 eng d |
| 020 ## - INTERNATIONAL STANDARD BOOK NUMBER | |
| International Standard Book Number | 9780077148157, 0077148150 |
| 040 ## - CATALOGING SOURCE | |
| Transcribing agency | DDC |
| 082 ## - DEWEY DECIMAL CLASSIFICATION NUMBER | |
| Classification number | 381 GHA 2014 |
| 100 ## - MAIN ENTRY--PERSONAL NAME | |
| Personal name | Ghauri,Pervez; Cateora, Philip |
| 9 (RLIN) | 15400 |
| 245 ## - TITLE STATEMENT | |
| Title | International Marketing. |
| 250 ## - EDITION STATEMENT | |
| Edition statement | 4th ed. |
| 260 ## - PUBLICATION, DISTRIBUTION, ETC. (IMPRINT) | |
| Place of publication, distribution, etc. | Boston; |
| Name of publisher, distributor, etc. | McGraw hill: |
| Date of publication, distribution, etc. | 2014 |
| 300 ## - PHYSICAL DESCRIPTION | |
| Extent | xxvii,633p.: |
| Other physical details | ill(some col.); |
| Dimensions | 27cm. |
| 504 ## - BIBLIOGRAPHY, ETC. NOTE | |
| Bibliography, etc | Includes bibliographical references and index. |
| 650 ## - SUBJECT ADDED ENTRY--TOPICAL TERM | |
| Topical term or geographic name as entry element | Export marketing. |
| 9 (RLIN) | 15401 |
| 650 ## - SUBJECT ADDED ENTRY--TOPICAL TERM | |
| Topical term or geographic name as entry element | International business enterprises |
| 9 (RLIN) | 3738 |
| 942 ## - ADDED ENTRY ELEMENTS (KOHA) | |
| Source of classification or shelving scheme | Dewey Decimal Classification |
| Koha item type | Book |
| Withdrawn status | Lost status | Source of classification or shelving scheme | Damaged status | Not for loan | Home library | Current library | Date acquired | Source of acquisition | Inventory number | Total Checkouts | Full call number | Barcode | Date last seen | Price effective from | Koha item type |
|---|---|---|---|---|---|---|---|---|---|---|---|---|---|---|---|
| Dewey Decimal Classification | Faculty of Management Science Library | Faculty of Management Science Library | 24/11/2021 | Purchase | 17/40186 | 381 GHA 2014 | 2021-1878 | 24/11/2021 | 24/11/2021 | Book | |||||
| Dewey Decimal Classification | Faculty of Management Science Library | Faculty of Management Science Library | 24/11/2021 | Purchase | 17/40187 | 381 GHA 2014 | 2021-1879 | 24/11/2021 | 24/11/2021 | Book | |||||
| Dewey Decimal Classification | Faculty of Management Science Library | Faculty of Management Science Library | 24/11/2021 | Purchase | 17/40188 | 381 GHA 2014 | 2021-1880 | 24/11/2021 | 24/11/2021 | Book | |||||
| Dewey Decimal Classification | Faculty of Management Science Library | Faculty of Management Science Library | 24/11/2021 | Purchase | 17/40189 | 381 GHA 2014 | 2021-1881 | 24/11/2021 | 24/11/2021 | Book |
